Statistics for Countries by image of Most Visitied Tourist Attraction

Click here to take the quiz!

General Stats

  • This quiz has been taken 44 times
  • The average score is 6 of 12

Answer Stats

Answer% Correct
Brazil
100%
Italy
100%
Japan
100%
Spain
86%
South Korea
67%
Saudi Arabia
55%
Switzerland
40%
Zimbabwe
36%
Morrocco
29%
Democratic Republic of Congo
7%
Gabon
7%
Albania
5%

Score Distribution

Percentile by Number Answered

Percent of People with Each Score

Your Score History

You have not taken this quiz